00885nam a22002057a 450000500170000000700150001700800410003203500100007304000090008324500450009225600240013726000550016130000280021631000120024450602700025665000350052665000370056174000400059885600410063820240305165538.0cr|||| |||| 191017c20149999jp wr|w s|||| 0|||b1eng d a22262 avLex00aJCN Newswiresh[Recurso electrónico] / aServicio en línea aTokio:bJapan Corporate News Network K.K.,c2014 - a1 recurso electrónico aSemanal1 aDisponible solo en los productos indicadosdvLex GlobaldvLex Global (Academic Edition, excluding Law Schools)dvLex Global (U.S. Academic Edition, Law Schools)dvLex Global (U.S. Academic Edition, excluding Law Schools)dvLex Global (Academic Edition, Law Schools)04aEconomía y negocioszJapón04aMaterias no jurídicaszJapón0 avLex Revistas (Servicio en línea)40uhttps://app.vlex.com/#/sources/22262